00428nam a2200157Ia 4500003000500000008004100005040001900046082000700065100002400072245003700096246004400133250000600177260006400183300000900247546001400256STCL150610s9999 xx 000 0 und d aSTCLbENcSTCL 222 aMadhavan Pillai, P. aHindi Hindi Malayalam Dictionary aAssisi Hindi-Hindi-Malayalam Dictionary a4 bAssissi Printing and Publishing HouseaChanganacherryc2012 a1508 aMalayalam